| 000 | 01402nkm0a2200337 4500 | ||
|---|---|---|---|
| 001 | RU\NLR\BIBL_A\022723023 | ||
| 005 | 20260406032947.0 | ||
| 035 | _a(NLR Aleph) 022723023 | ||
| 071 | 5 | 0 |
_d3 р. 50 к. _930000 |
| 090 |
_a89228 _c89228 |
||
| 100 | _a20260209d1941 b y0rusy50 ca | ||
| 101 | 0 | _arus | |
| 102 | _aRU | ||
| 116 | _aiiycxx bf zz | ||
| 181 | 0 |
_ab4 _bxb2e |
|
| 182 | 0 | _an | |
| 200 | 1 |
_aДомашние животные _e[книжка-гармошка _fрисунки Л. Вольштейна] |
|
| 203 |
_aИзображение _bнеподвижное _bдвухмерное _bвизуальное _cнепосредственное |
||
| 210 |
_a[Ленинград] _cЛССХ _d1941 _e[Ленинград] _gПолиграфмастерская ЛССХ |
||
| 215 |
_a1 л. (слож. в [12] с. цв. ил., включ. обл.) _d8,5х10,5 |
||
| 300 | _aВ вып. дан.: М-04015 ; Зак. № 103 | ||
| 606 |
_aКнижки-игрушки _3RU\NLR\AUTH\6601765960 _92696004 |
||
| 686 | 1 | _aШ801.38 | |
| 686 | 1 | _aЧ617.67/68 | |
| 700 | 1 |
_4440 _7ca _8rus _aВольштейн _bЛ. И. _cхудожник _f1908-1984 _gЛев Израилевич _9176861 _3RU\NLR\AUTH\770176912 |
|
| 942 | _cVISUAL | ||
| 945 | _aРоссийская национальная библиотека | ||
| 980 | _aBV | ||
| 980 | _aNB | ||